Top tennis players - ATP & WTA ranking - Statistics

General Stats
  • This quiz has been taken 164 times
  • The average score is 26 of 60
Answer Stats
Ranking ATP / WTA % Correct
1 Novac Djokovic
97%
2 Rafael Nadal
97%
3 Roger Federer
95%
10 Serena Williams
84%
4 Dominic Thiem
79%
5 Alexander Zverev
78%
1 Naomi Osaka
73%
6 Stefanos Tsitsipas
69%
3 Simona Halep
68%
17 Gael Monfils
67%
8 Ashleigh Barty
66%
28 Stan Wawrinka
66%
14 Daniil Medvedev
64%
5 Angelique Kerber
60%
2 Karolina Pliskova
58%
10 John Isner
57%
9 Juan Martin del Potro
57%
7 Kei Nishikori
57%
19 Garbine Muguruza
56%
6 Petra Kvitova
56%
12 Fabio Fognini
55%
13 Marin Cilic
55%
13 Caroline Wozniacki
51%
9 Elina Svitolina
47%
18 Milos Raonic
46%
21 Roberto Bautista Agut
46%
20 Diego Schwartzman
45%
24 Denis Shapovalov
44%
29 David Goffin
42%
8 Kevin Anderson
42%
7 Sloane Stephens
41%
11 Aryna Sabalenka
40%
11 Karen Khachanov
38%
26 Johanna Konta
37%
14 Madison Keys
35%
22 Caroline Garcia
34%
23 Bianca Andreescu
32%
15 Borna Coric
31%
25 Alex de Minaur
29%
4 Kiki Bertens
29%
26 Lucas Pouille
29%
22 Felix Auger-Aliassime
28%
15 Belinda Bencic
27%
30 Maria Sakkari
27%
17 Anett Kontaveit
24%
20 Elise Mertens
24%
27 Fernando Verdasco
19%
23 Guido Pella
18%
21 Daria Kasatkina
17%
12 Anastasija Sevastova
16%
24 Donna Vekic
16%
29 Carla Suárez Navarro
14%
30 Kyle Edmund
13%
16 Qiang Wang
13%
18 Julia Goerges
12%
16 Nikoloz Basilashvili
11%
27 Lesia Tsurenko
7%
25 Su-Wei Hsieh
7%
19 Marco Cecchinato
6%
28 Yulia Putintseva
6%
No matching quizzes found
Score Distribution
Percent of People with Each Score
Percentile by Number Answered
Your Score History
You have not taken this quiz